| 000 | 00409nam a2200157Ia 4500 | ||
|---|---|---|---|
| 008 | 230312s9999||||xx |||||||||||||| ||und|| | ||
| 020 | _a81-203-3022-1 | ||
| 082 |
_a657.3 _bFRA-U |
||
| 100 | _aFraser,Lyn.M | ||
| 245 | 0 | _aUnderstanding Financial Statements | |
| 260 |
_bPrentice Hall _aIdia _c2007 |
||
| 300 | _a274 | ||
| 546 | _aEng. | ||
| 650 |
_aAccounting _vunderstanding financial statement |
||
| 942 | _cBK | ||
| 999 |
_c6466 _d6466 |
||